Gminy powiatu gdańskiego - Statystyki

Ogólne statystyki
  • Ten quiz został rozwiązany 27 razy
  • Średni wynik to 5 z 8
Statystyki odpowiedzi
Status gminy Gmina % Poprawnych
Miejska Pruszcz Gdański
95%
Wiejska Pruszcz Gdański
95%
Wiejska Kolbudy
70%
Wiejska Trąbki Wielkie
65%
Wiejska Cedry Wielkie
60%
Wiejska Pszczółki
55%
Wiejska Przywidz
50%
Wiejska Suchy Dąb
35%
Nie znaleziono quizów pasujących do podanych kryteriów
Rozkład punktacji
Procent ludzi z każdym wynikiem
Percentyl według liczby udzielonych odpowiedzi
Twoja historia wyników
Nie rozwiązałeś tego quizu